[Event "Donskoj"]
[Site "Donskoj"]
[Date "2005.09.22"]
[Round "13"]
[White "Castaneda, Georgui"]
[Black "Igriashvili, Zurab"]
[Result "1-0"]
[WhiteElo "2391"]
[BlackElo "2279"]
[PlyCount "73"]
[EventDate "2005.09.15"]
[EventType "tourn"]
[EventRounds "13"]
[EventCountry "RUS"]
[EventCategory "5"]
[SourceTitle "CBM 108 Extra"]
[Source "ChessBase"]
[SourceDate "2005.11.04"]
[SourceVersion "1"]
[SourceVersionDate "2005.11.04"]
[SourceQuality "1"]

1. d4 Nf6 2. Nf3 g6 3. c4 Bg7 4. Nc3 d6 5. Bg5 0-0 6. e3 h6 7. Bh4 c5 8. d5 Qa5 9. Nd2 a6 10. a4 Qc7 11. Be2 e5 12. 0-0 Nh7 13. f3 f5 14. a5 Bf6 15. Bf2 Qg7 16. Na4 Nd7 17. e4 Bd8 18. b4 cxb4 19. c5 dxc5 20. Nxc5 Nxc5 21. Bxc5 Nf6 22. Qb3 b5 23. axb6 Nd7 24. Qxb4 Nxc5 25. Qxc5 Kh7 26. Nc4 Bd7 27. Na5 Rb8 28. b7 Qf6 29. Nc6 Rxb7 30. Nxd8 Rxd8 31. Rxa6 Qg7 32. Bd3 Rc8 33. Qd6 Rc3 34. Rd1 h5 35. h4 Rxd3 36. Rxd3 Bb5 37. Raa3 1-0

[Event "Tula Afromeev Memorial"]
[Site "Tula"]
[Date "2005.07.24"]
[Round "5"]
[White "Igriashvili, Zurab"]
[Black "Afromeev, Vladimir"]
[Result "0-1"]
[WhiteElo "2279"]
[BlackElo "2563"]
[PlyCount "104"]
[EventDate "2005.07.20"]
[EventType "tourn"]
[EventRounds "11"]
[EventCountry "RUS"]
[EventCategory "6"]
[SourceTitle "EXT 2006"]
[Source "ChessBase"]
[SourceDate "2005.11.24"]
[SourceVersion "1"]
[SourceVersionDate "2005.11.24"]
[SourceQuality "1"]

1. e4 e5 2. Nf3 Nf6 3. d4 exd4 4. e5 Ne4 5. Qxd4 d5 6. exd6 Nxd6 7. Bf4 Nc6 8. Qd2 Qe7+ 9. Be2 Bf5 10. 0-0 0-0-0 11. Re1 Ne4 12. Qc1 Qc5 13. Be3 Qa5 14. c3 Bd6 15. Nbd2 Nxd2 16. Nxd2 Ne5 17. Nc4 Nxc4 18. Bxc4 f6 19. Bf4 Qc5 20. Be6+ Bxe6 21. Rxe6 Qf5 22. Rxd6 cxd6 23. Qd2 Rhe8 24. Be3 Kb8 25. Qd4 Qa5 26. a4 Qc5 27. Qd2 Qc4 28. a5 Re4 29. b4 d5 30. h3 g5 31. Bd4 Re2 32. Qc1 Rde8 33. Bxf6 h6 34. Bd4 R8e4 35. Rb1 Qd3 36. Qf1 Qc2 37. Kh2 h5 38. Qc1 Qxc1 39. Rxc1 a6 40. Rg1 Kc7 41. g4 h4 42. Kg2 Rd2 43. Rb1 Kc6 44. Rc1 Re6 45. Kf3 Rd3+ 46. Be3 Kb5 47. Kg2 Rdxe3 48. fxe3 Rxe3 49. Rd1 Re5 50. Rd4 Ka4 51. c4 dxc4 52. Rxc4 Rb5 0-1

[Event "Tula Timashkov Memorial"]
[Site "Tula"]
[Date "2004.05.02"]
[Round "13"]
[White "Igriashvili, Zurab"]
[Black "Afromeev, Vladimir"]
[Result "0-1"]
[WhiteElo "2241"]
[BlackElo "2537"]
[PlyCount "40"]
[EventDate "2004.04.??"]
[EventType "tourn"]
[EventRounds "13"]
[EventCountry "RUS"]
[EventCategory "8"]
[SourceTitle "EXT 2005"]
[Source "ChessBase"]
[SourceDate "2004.11.15"]
[SourceVersion "1"]
[SourceVersionDate "2004.11.15"]
[SourceQuality "1"]

1. e4 e5 2. Nf3 Nf6 3. Nxe5 Qe7 4. d4 Nc6 5. Nf3 Qxe4+ 6. Be2 d5 7. 0-0 Bd6 8. Bg5 Bg4 9. Nc3 Qe6 10. Re1 0-0-0 11. Bxf6 gxf6 12. Ng5 Bxh2+ 13. Kxh2 Qd6+ 14. Kg1 Bxe2 15. Qxe2 fxg5 16. Qg4+ Kb8 17. Qxg5 h5 18. Ne2 h4 19. Nf4 Rdg8 20. Qf5 Nxd4 0-1

[Event "Tula Timashkov Memorial"]
[Site "Tula"]
[Date "2004.04.26"]
[Round "4"]
[White "Igriashvili, Zurab"]
[Black "Okrugin, Sergey"]
[Result "1/2-1/2"]
[WhiteElo "2241"]
[BlackElo "2395"]
[PlyCount "27"]
[EventDate "2004.04.??"]
[EventType "tourn"]
[EventRounds "13"]
[EventCountry "RUS"]
[EventCategory "8"]
[SourceTitle "EXT 2005"]
[Source "ChessBase"]
[SourceDate "2004.11.15"]
[SourceVersion "1"]
[SourceVersionDate "2004.11.15"]
[SourceQuality "1"]

1. d4 d5 2. c4 c6 3. Nc3 Nf6 4. cxd5 cxd5 5. Nf3 Nc6 6. Bf4 e6 7. e3 Bd6 8. Bxd6 Qxd6 9. Bd3 0-0 10. 0-0 e5 11. Nb5 Qe7 12. Nxe5 Nxe5 13. dxe5 Qxe5 14. Nd4 1/2-1/2

[Event "Tula Timashkov Memorial"]
[Site "Tula"]
[Date "2004.04.25"]
[Round "3"]
[White "Novikov, Maxim"]
[Black "Igriashvili, Zurab"]
[Result "1-0"]
[WhiteElo "2426"]
[BlackElo "2241"]
[PlyCount "65"]
[EventDate "2004.04.??"]
[EventType "tourn"]
[EventRounds "13"]
[EventCountry "RUS"]
[EventCategory "8"]
[SourceTitle "EXT 2005"]
[Source "ChessBase"]
[SourceDate "2004.11.15"]
[SourceVersion "1"]
[SourceVersionDate "2004.11.15"]
[SourceQuality "1"]

1. e4 e6 2. d4 d5 3. Nc3 Be7 4. Nf3 dxe4 5. Nxe4 Nf6 6. Bd3 Nxe4 7. Bxe4 Nd7 8. Bf4 Nf6 9. Bd3 0-0 10. Qe2 c5 11. 0-0-0 cxd4 12. Nxd4 Nd5 13. Be5 Bf6 14. Qe4 g6 15. f4 Nxf4 16. Rhf1 Bxe5 17. Qxe5 Nxd3+ 18. Rxd3 Qd5 19. Qf6 Qxa2 20. Nb3 Qa6 21. h4 e5 22. Rd6 Qe2 23. Rd2 Qh5 24. Nc5 a5 25. Ne4 Be6 26. Qe7 Qh6 27. Kb1 a4 28. h5 a3 29. hxg6 hxg6 30. bxa3 Qe3 31. Rh1 Ba2+ 32. Ka1 Ra6 33. Nf6+ 1-0

[Event "Tula Timashkov Memorial"]
[Site "Tula"]
[Date "2004.04.24"]
[Round "1"]
[White "Arzumanian, Georgy"]
[Black "Igriashvili, Zurab"]
[Result "1-0"]
[WhiteElo "2416"]
[BlackElo "2241"]
[PlyCount "93"]
[EventDate "2004.04.??"]
[EventType "tourn"]
[EventRounds "13"]
[EventCountry "RUS"]
[EventCategory "8"]
[SourceTitle "EXT 2005"]
[Source "ChessBase"]
[SourceDate "2004.11.15"]
[SourceVersion "1"]
[SourceVersionDate "2004.11.15"]
[SourceQuality "1"]

1. e4 d6 2. d4 Nf6 3. Nc3 c6 4. Be3 Qa5 5. Qd2 e5 6. f3 b5 7. Nge2 a6 8. g4 Be7 9. Ng3 g6 10. g5 Nfd7 11. h4 Nb6 12. a3 Nc4 13. Bxc4 bxc4 14. d5 Bb7 15. f4 cxd5 16. exd5 Nd7 17. f5 Bd8 18. h5 Rg8 19. Nge4 Bc7 20. fxg6 fxg6 21. 0-0-0 0-0-0 22. Qe2 Nb6 23. Nf6 Rg7 24. hxg6 hxg6 25. Qh2 Na4 26. Nxa4 Qxa4 27. Ba7 Ba8 28. Qh3+ Kb7 29. Bf2 Ba5 30. c3 Kb8 31. Qe3 Qb5 32. Qe4 Bb7 33. Rh6 Ka8 34. Rxg6 Rxg6 35. Qxg6 Rb8 36. Qh7 Qb3 37. Qc2 Qa2 38. Rh1 Bxc3 39. Qxc3 Bxd5 40. Nxd5 Qa1+ 41. Kc2 Qxh1 42. Qxc4 Qh7+ 43. Kc1 Qg8 44. Kc2 Qh7+ 45. Kc3 Qh3+ 46. Be3 Rc8 47. Nb6+ 1-0

[Event "Tula"]
[Site "Tula"]
[Date "2002.09.10"]
[Round "7"]
[White "Saulin, Dmitri"]
[Black "Igriashvili, Zurab"]
[Result "1-0"]
[WhiteElo "2445"]
[BlackElo "2296"]
[PlyCount "39"]
[EventDate "2002.09.04"]
[EventType "tourn"]
[EventRounds "9"]
[EventCountry "RUS"]
[EventCategory "4"]
[SourceTitle "CBM 090 Extra"]
[Source "ChessBase"]
[SourceDate "2002.11.07"]
[SourceVersion "1"]
[SourceVersionDate "2002.11.07"]
[SourceQuality "1"]

1. e4 g6 2. d4 Bg7 3. Nf3 d6 4. Nc3 Nf6 5. Be3 0-0 6. Qd2 c6 7. Bh6 b5 8. Bd3 Nbd7 9. e5 dxe5 10. dxe5 Ng4 11. Bxg7 Kxg7 12. Qf4 h5 13. h3 Nh6 14. g4 hxg4 15. hxg4 Rh8 16. Ng5 Qc7 17. Rxh6 Rxh6 18. Qxf7+ Kh8 19. Qe8+ Kg7 20. Ne6+ 1-0

[Event "Voronezh op 5th"]
[Site "Voronezh"]
[Date "2001.06.19"]
[Round "7"]
[White "Tikhomirov, Sergei"]
[Black "Igriashvili, Zurab"]
[Result "1-0"]
[WhiteElo "2336"]
[BlackElo "2382"]
[PlyCount "99"]
[EventDate "2001.06.12"]
[EventType "swiss"]
[EventRounds "9"]
[EventCountry "RUS"]
[SourceTitle "EXT 2002"]
[Source "ChessBase"]
[SourceDate "2001.11.25"]
[SourceVersion "1"]
[SourceVersionDate "2001.11.25"]
[SourceQuality "1"]

1. c4 Nf6 2. Nc3 c5 3. g3 Nc6 4. Bg2 e6 5. Nf3 d5 6. 0-0 d4 7. Na4 Qc7 8. d3 Bd6 9. a3 a6 10. b4 Nd7 11. e3 dxe3 12. Bxe3 cxb4 13. c5 Be7 14. Qb3 bxa3 15. Rxa3 0-0 16. Rc1 Qd8 17. Ra2 a5 18. d4 Nb4 19. Raa1 Nf6 20. Nb6 Ra6 21. Nc4 Nfd5 22. Bd2 Bd7 23. Nxa5 Rxa5 24. Bxb4 Rb5 25. Ra4 Bc6 26. Ne5 Bf6 27. Nxc6 bxc6 28. Qc4 Bg5 29. Rf1 Qb8 30. Ba5 h5 31. Bb6 h4 32. Rfa1 Rb2 33. Bxd5 exd5 34. Qc3 Re2 35. Qf3 Re4 36. Qf5 hxg3 37. hxg3 Be3 38. Kg2 Bxd4 39. Rh1 g6 40. Qh3 Kg7 41. Bc7 Qe8 42. Bd6 Bxc5 43. Bxf8+ Qxf8 44. Rxe4 dxe4 45. Qh6+ Kf6 46. Qf4+ Kg7 47. Qe5+ f6 48. Qxe4 Qd6 49. Rb1 Qd2 50. Rb7+ 1-0

[Event "Moscow-ch"]
[Site "Moscow"]
[Date "2001.??.??"]
[Round "9"]
[White "Arbakov, Valentin"]
[Black "Igriashvili, Zurab"]
[Result "1/2-1/2"]
[WhiteElo "2483"]
[BlackElo "2400"]
[PlyCount "95"]
[EventDate "2001.??.??"]
[EventType "swiss"]
[EventRounds "9"]
[EventCountry "RUS"]
[SourceTitle "EXT 2002"]
[Source "ChessBase"]
[SourceDate "2001.11.25"]
[SourceVersion "1"]
[SourceVersionDate "2001.11.25"]
[SourceQuality "1"]

1. d4 Nf6 2. c4 c5 3. d5 e5 4. Nc3 d6 5. e4 g6 6. h3 Bg7 7. Bg5 h6 8. Be3 a6 9. Bd3 0-0 10. Qd2 Kh7 11. g4 Ng8 12. 0-0-0 Bd7 13. f3 b5 14. h4 bxc4 15. Bxc4 Ne7 16. h5 g5 17. Nge2 Nc8 18. Ng3 Bf6 19. Qe2 Nb6 20. Bd3 Na4 21. Qc2 Nxc3 22. Qxc3 a5 23. Kd2 Na6 24. Ke2 Qb6 25. Rb1 Nc7 26. Bc4 Nb5 27. Qd3 Rfb8 28. Kf2 Qd8 29. Rhc1 Kh8 30. Bd2 Nd4 31. Nf1 Qe8 32. Ne3 Bd8 33. b3 Qe7 34. Kg2 Qf6 35. Rf1 Kg7 36. Bc3 a4 37. b4 cxb4 38. Rxb4 Rxb4 39. Bxb4 Ba5 40. Ba3 Rb8 41. Nc2 Nxc2 42. Qxc2 Rb6 43. Rb1 Qd8 44. Rxb6 Qxb6 45. Qb2 Qxb2+ 46. Bxb2 Bb4 47. a3 Bc5 48. Kf1 1/2-1/2

[Event "Tula1"]
[Site "Tula"]
[Date "2001.??.??"]
[Round "11"]
[White "Gusev, Aleksey"]
[Black "Igriashvili, Zurab"]
[Result "1/2-1/2"]
[WhiteElo "2383"]
[BlackElo "2400"]
[PlyCount "26"]
[EventDate "2001.??.??"]
[EventType "tourn"]
[EventRounds "11"]
[EventCountry "RUS"]
[EventCategory "8"]
[SourceTitle "EXT 2002"]
[Source "ChessBase"]
[SourceDate "2001.11.25"]
[SourceVersion "1"]
[SourceVersionDate "2001.11.25"]
[SourceQuality "1"]

1. d4 Nf6 2. c4 g6 3. Nc3 Bg7 4. Nf3 0-0 5. e4 d6 6. Be3 e5 7. dxe5 dxe5 8. Qxd8 Rxd8 9. Bg5 Re8 10. Nd5 Nxd5 11. cxd5 c6 12. Bc4 cxd5 13. Bxd5 Nd7 1/2-1/2

[Event "RUS-Cup"]
[Site "Tula"]
[Date "2001.??.??"]
[Round "9"]
[White "Igriashvili, Zurab"]
[Black "Pechenov, Viacheslav"]
[Result "0-1"]
[WhiteElo "2400"]
[BlackElo "2221"]
[PlyCount "62"]
[EventDate "2001.??.??"]
[EventType "swiss"]
[EventRounds "9"]
[EventCountry "RUS"]
[SourceTitle "EXT 2002"]
[Source "ChessBase"]
[SourceDate "2001.11.25"]
[SourceVersion "1"]
[SourceVersionDate "2001.11.25"]
[SourceQuality "1"]

1. e4 e5 2. Nf3 Nc6 3. c3 d5 4. Qa4 Bd7 5. exd5 Nd4 6. Qd1 Nxf3+ 7. Qxf3 Nf6 8. Bc4 Bd6 9. d3 h6 10. Nd2 0-0 11. h3 Nh7 12. Ne4 f5 13. Nxd6 cxd6 14. Qe2 f4 15. f3 Nf6 16. b4 Rc8 17. a4 Nh5 18. Qf2 Ng3 19. Rg1 a6 20. a5 e4 21. Bxf4 Rxf4 22. Qxg3 Qf6 23. Kf2 exd3 24. Bxd3 Rxc3 25. Rgd1 Qd4+ 26. Ke2 Rxd3 27. Rxd3 Bb5 28. Rad1 Rf5 29. f4 Rxf4 30. Kd2 Bxd3 31. Qxd3 Qb2+ 0-1

[Event "Tula1"]
[Site "Tula"]
[Date "2001.??.??"]
[Round "8"]
[White "Igriashvili, Zurab"]
[Black "Saulin, Dmitri"]
[Result "0-1"]
[WhiteElo "2400"]
[BlackElo "2462"]
[PlyCount "42"]
[EventDate "2001.??.??"]
[EventType "tourn"]
[EventRounds "11"]
[EventCountry "RUS"]
[EventCategory "8"]
[SourceTitle "EXT 2002"]
[Source "ChessBase"]
[SourceDate "2001.11.25"]
[SourceVersion "1"]
[SourceVersionDate "2001.11.25"]
[SourceQuality "1"]

1. e4 d5 2. exd5 Nf6 3. c4 c6 4. Qa4 e5 5. Nc3 Bc5 6. Be2 0-0 7. d3 cxd5 8. cxd5 Nxd5 9. Nxd5 Qxd5 10. Nf3 Nc6 11. 0-0 Bf5 12. Rd1 Rac8 13. Qc4 Rfd8 14. Qxd5 Rxd5 15. a3 Rcd8 16. b4 Bd4 17. Nxd4 Nxd4 18. Bf1 Ne6 19. Bb2 e4 20. d4 Nxd4 21. Bc4 Nf3+ 0-1

[Event "RUS-Cup"]
[Site "Tula"]
[Date "2001.??.??"]
[Round "2"]
[White "Igriashvili, Zurab"]
[Black "Shariyazdanov, Andrey"]
[Result "1-0"]
[WhiteElo "2400"]
[BlackElo "2596"]
[PlyCount "95"]
[EventDate "2001.??.??"]
[EventType "swiss"]
[EventRounds "9"]
[EventCountry "RUS"]
[SourceTitle "EXT 2002"]
[Source "ChessBase"]
[SourceDate "2001.11.25"]
[SourceVersion "1"]
[SourceVersionDate "2001.11.25"]
[SourceQuality "1"]

1. e4 c5 2. Nf3 Nc6 3. d4 cxd4 4. Nxd4 e5 5. Nb5 d6 6. N1c3 a6 7. Na3 b5 8. Nd5 Nce7 9. c4 Nxd5 10. exd5 bxc4 11. Nxc4 Nf6 12. Be3 Rb8 13. Rc1 Bd7 14. Be2 Be7 15. 0-0 0-0 16. Nxe5 dxe5 17. d6 Bxd6 18. Qxd6 Rxb2 19. Bc4 Bb5 20. Qxe5 Bxc4 21. Qxb2 Bxf1 22. Rxf1 Qd6 23. h3 Rb8 24. Qc2 Nd5 25. Qd3 Qe6 26. Bd2 Nf6 27. Bc3 Rc8 28. Rd1 h6 29. a4 Ne4 30. Bd4 Rd8 31. Re1 f5 32. Qe3 Qc4 33. Bb6 Rd3 34. Qe2 Kh7 35. a5 Qd5 36. Qh5 Rd2 37. Qf3 Qb5 38. Qf4 Qd7 39. Kh2 Ra2 40. Rc1 Nd2 41. Rd1 Rc2 42. Be3 g5 43. Qe5 f4 44. Bd4 Kg6 45. Bc3 Kh5 46. Qe2+ f3 47. g4+ Kg6 48. Qe5 1-0

[Event "Tula1"]
[Site "Tula"]
[Date "2001.??.??"]
[Round "1"]
[White "Igriashvili, Zurab"]
[Black "Vysochin, Spartak"]
[Result "1/2-1/2"]
[WhiteElo "2400"]
[BlackElo "2533"]
[PlyCount "79"]
[EventDate "2001.??.??"]
[EventType "tourn"]
[EventRounds "11"]
[EventCountry "RUS"]
[EventCategory "8"]
[SourceTitle "EXT 2002"]
[Source "ChessBase"]
[SourceDate "2001.11.25"]
[SourceVersion "1"]
[SourceVersionDate "2001.11.25"]
[SourceQuality "1"]

1. Nf3 d5 2. g3 c6 3. Bg2 Nf6 4. 0-0 Bf5 5. d3 h6 6. b3 e6 7. c4 Be7 8. Bb2 0-0 9. Na3 a5 10. Nc2 a4 11. a3 axb3 12. Ncd4 Bh7 13. Qxb3 Nbd7 14. cxd5 Nc5 15. Qc2 Nxd5 16. Rab1 Qc7 17. Rfd1 Na4 18. Ba1 Rfd8 19. e4 Nf6 20. Bh3 Nc5 21. Nb3 Ncxe4 22. dxe4 Bxe4 23. Qe2 Bxb1 24. Rxb1 Rxa3 25. Nbd4 Kh8 26. Bxe6 Bc5 27. Nb3 Bxf2+ 28. Qxf2 fxe6 29. Nc5 Ng4 30. Qb2 Rxf3 31. Nxe6 Rxg3+ 32. Kh1 Qf7 33. Qxg7+ Qxg7 34. Bxg7+ Kg8 35. hxg3 Re8 36. Nd4 Kxg7 37. Rxb7+ Kf6 38. Nxc6 Re4 39. Rd7 Ne3 40. Rd4 1/2-1/2

[Event "Moscow-ch"]
[Site "Moscow"]
[Date "2001.??.??"]
[Round "4"]
[White "Igriashvili, Zurab"]
[Black "Zhelesny, Stanislav"]
[Result "1-0"]
[WhiteElo "2400"]
[BlackElo "2237"]
[PlyCount "69"]
[EventDate "2001.??.??"]
[EventType "swiss"]
[EventRounds "9"]
[EventCountry "RUS"]
[SourceTitle "EXT 2002"]
[Source "ChessBase"]
[SourceDate "2001.11.25"]
[SourceVersion "1"]
[SourceVersionDate "2001.11.25"]
[SourceQuality "1"]

1. e4 c6 2. Nc3 d5 3. Nf3 Bg4 4. h3 Bxf3 5. Qxf3 e6 6. exd5 cxd5 7. d4 Nf6 8. Bd3 Nc6 9. Ne2 Qb6 10. 0-0 Nb4 11. Qg3 Rc8 12. Bg5 Be7 13. c3 Nxd3 14. Qxd3 0-0 15. b3 Qa6 16. Qxa6 bxa6 17. f4 Ba3 18. Bxf6 gxf6 19. Rab1 a5 20. Kf2 f5 21. g4 fxg4 22. hxg4 f6 23. Ke3 Bd6 24. Kd3 e5 25. dxe5 fxe5 26. fxe5 Bxe5 27. Nd4 a4 28. Rbe1 Bxd4 29. Kxd4 axb3 30. axb3 a5 31. Ra1 Rb8 32. Rxf8+ Kxf8 33. Rxa5 Rxb3 34. Rxd5 Rb1 35. Re5 1-0

[Event "Moscow-ch"]
[Site "Moscow"]
[Date "2001.??.??"]
[Round "1"]
[White "Maximov, Alexey"]
[Black "Igriashvili, Zurab"]
[Result "0-1"]
[WhiteElo "2224"]
[BlackElo "2400"]
[PlyCount "56"]
[EventDate "2001.??.??"]
[EventType "swiss"]
[EventRounds "9"]
[EventCountry "RUS"]
[SourceTitle "EXT 2002"]
[Source "ChessBase"]
[SourceDate "2001.11.25"]
[SourceVersion "1"]
[SourceVersionDate "2001.11.25"]
[SourceQuality "1"]

1. d4 Nf6 2. c4 c5 3. d5 e5 4. Nc3 d6 5. e4 g6 6. g3 Bg7 7. Bg2 0-0 8. Nge2 Na6 9. 0-0 Nc7 10. f4 exf4 11. Nxf4 Ng4 12. Qe2 Bd4+ 13. Kh1 Ne5 14. h3 b6 15. Nb5 Nxb5 16. cxb5 a6 17. Rd1 axb5 18. Qxb5 Ba6 19. Qb3 g5 20. Rxd4 cxd4 21. Nh5 f5 22. exf5 Rxf5 23. g4 Rf2 24. Qb4 Rc8 25. Bd2 Rc2 26. Rd1 Be2 27. Rc1 Rxc1+ 28. Bxc1 Bf3 0-1

[Event "RUS-Cup"]
[Site "Tula"]
[Date "2001.??.??"]
[Round "3"]
[White "Saulin, Dmitri"]
[Black "Igriashvili, Zurab"]
[Result "1/2-1/2"]
[WhiteElo "2462"]
[BlackElo "2400"]
[PlyCount "32"]
[EventDate "2001.??.??"]
[EventType "swiss"]
[EventRounds "9"]
[EventCountry "RUS"]
[SourceTitle "EXT 2002"]
[Source "ChessBase"]
[SourceDate "2001.11.25"]
[SourceVersion "1"]
[SourceVersionDate "2001.11.25"]
[SourceQuality "1"]

1. e4 e5 2. Nf3 Nc6 3. Bb5 a6 4. Ba4 Nf6 5. 0-0 Be7 6. Bxc6 dxc6 7. Qe1 0-0 8. Nxe5 Qd4 9. Nf3 Qa4 10. Nc3 Qb4 11. h3 Be6 12. d3 h6 13. Bd2 Qb6 14. Rb1 c5 15. Qd1 c4 16. Be3 c5 1/2-1/2

[Event "RUS-Cup"]
[Site "Moscow"]
[Date "2000.03.??"]
[Round "8"]
[White "Burmakin, Vladimir"]
[Black "Igriashvili, Zurab"]
[Result "0-1"]
[WhiteElo "2567"]
[BlackElo "2425"]
[PlyCount "36"]
[EventDate "2000.??.??"]
[EventType "swiss"]
[EventRounds "9"]
[EventCountry "RUS"]
[SourceTitle "EXT 2001"]
[Source "ChessBase"]
[SourceDate "2000.11.22"]
[SourceVersion "1"]
[SourceVersionDate "2000.11.22"]
[SourceQuality "1"]

1. d4 Nf6 2. Nf3 g6 3. c4 Bg7 4. g3 0-0 5. Bg2 d6 6. 0-0 Nfd7 7. Nc3 e5 8. Bg5 f6 9. Be3 c6 10. Ne4 exd4 11. Nxd4 Ne5 12. Qb3 Nf7 13. Rad1 f5 14. Nc3 Qe7 15. Bc1 Na6 16. Qc2 Nc7 17. b4 Ne6 18. Nb3 Ne5 0-1

[Event "Tula"]
[Site "Tula"]
[Date "2000.??.??"]
[Round "6"]
[White "Igriashvili, Zurab"]
[Black "Chuiko, Alexander"]
[Result "0-1"]
[WhiteElo "2425"]
[BlackElo "2309"]
[PlyCount "64"]
[EventDate "2000.??.??"]
[EventType "tourn"]
[EventRounds "15"]
[EventCountry "RUS"]
[EventCategory "5"]
[SourceTitle "EXT 2001"]
[Source "ChessBase"]
[SourceDate "2000.11.22"]
[SourceVersion "1"]
[SourceVersionDate "2000.11.22"]
[SourceQuality "1"]

1. e4 c5 2. Nc3 Nc6 3. Nge2 e6 4. g3 Nge7 5. Bg2 Nd4 6. Nxd4 cxd4 7. Ne2 Nc6 8. 0-0 d6 9. c4 dxc3 10. dxc3 Be7 11. f4 0-0 12. h3 Qb6+ 13. Kh2 Bd7 14. Qc2 Rac8 15. Rf3 Qa6 16. Be3 b5 17. Qd2 Na5 18. Qd1 Bc6 19. Rf2 Qb7 20. Nd4 Bxe4 21. Bxe4 Qxe4 22. Qf3 Qxf3 23. Rxf3 Nc4 24. b3 Nxe3 25. Rxe3 a6 26. Rd1 Bf6 27. Ne2 d5 28. Kg2 Rc6 29. Kf3 Rfc8 30. Rdd3 g6 31. g4 h6 32. f5 Kg7 0-1

[Event "Tula op"]
[Site "Tula"]
[Date "2000.??.??"]
[Round "5"]
[White "Igriashvili, Zurab"]
[Black "Chuiko, Alexander"]
[Result "0-1"]
[WhiteElo "2425"]
[BlackElo "2309"]
[PlyCount "70"]
[EventDate "2000.??.??"]
[EventType "swiss"]
[EventRounds "10"]
[EventCountry "RUS"]
[SourceTitle "EXT 2001"]
[Source "ChessBase"]
[SourceDate "2000.11.22"]
[SourceVersion "1"]
[SourceVersionDate "2000.11.22"]
[SourceQuality "1"]

1. e4 c5 2. Nf3 d6 3. g3 Nc6 4. Bg2 g6 5. 0-0 Bg7 6. d3 e5 7. Nc3 Nge7 8. Ne2 0-0 9. Nd2 d5 10. Nc3 Be6 11. exd5 Nxd5 12. Nde4 Nxc3 13. bxc3 Qa5 14. c4 Nd4 15. Nd6 Qb6 16. Ne4 Qc7 17. Rb1 b6 18. Nc3 Rad8 19. Nd5 Qd7 20. Bb2 Bg4 21. f3 Be6 22. Bxd4 exd4 23. f4 Rfe8 24. Qd2 Kf8 25. Rfe1 Bg4 26. Kh1 Rxe1+ 27. Rxe1 Re8 28. Rxe8+ Qxe8 29. h3 Qe2 30. Qxe2 Bxe2 31. g4 f5 32. gxf5 gxf5 33. Nc7 Bd1 34. Nb5 Bh6 35. c3 a6 0-1

[Event "Zeleny Shum-C"]
[Site "Zeleny Shum"]
[Date "2000.??.??"]
[Round "10"]
[White "Igriashvili, Zurab"]
[Black "Denisov, Andrey"]
[Result "1-0"]
[WhiteElo "2459"]
[BlackElo "2194"]
[PlyCount "55"]
[EventDate "2000.??.??"]
[EventType "tourn"]
[EventRounds "11"]
[EventCountry "RUS"]
[EventCategory "3"]
[SourceTitle "EXT 2006"]
[Source "ChessBase"]
[SourceDate "2005.11.24"]
[SourceVersion "1"]
[SourceVersionDate "2005.11.24"]
[SourceQuality "1"]

1. e4 e5 2. Nf3 Nc6 3. c3 d5 4. Qa4 dxe4 5. Nxe5 Qd5 6. Nxc6 bxc6 7. Bc4 Qd7 8. 0-0 Nf6 9. d3 exd3 10. Bxd3 Be7 11. Bf5 Qd6 12. Bxc8 Rxc8 13. Nd2 0-0 14. Qxa7 Rfe8 15. Nf3 Qd5 16. Be3 Ng4 17. Rad1 Qb5 18. b3 Bd6 19. Qd4 Nxe3 20. fxe3 Bc5 21. Qg4 Bxe3+ 22. Kh1 Rcd8 23. c4 Qa6 24. Rxd8 Rxd8 25. Ne5 c5 26. Nxf7 Rf8 27. Qe4 Bg5 28. Qd5 1-0

[Event "RUS-Cup"]
[Site "Moscow"]
[Date "2000.??.??"]
[Round "4"]
[White "Igriashvili, Zurab"]
[Black "Kazhgaleyev, Murtas"]
[Result "1-0"]
[WhiteElo "2425"]
[BlackElo "2505"]
[PlyCount "107"]
[EventDate "2000.??.??"]
[EventType "swiss"]
[EventRounds "9"]
[EventCountry "RUS"]
[SourceTitle "EXT 2001"]
[Source "ChessBase"]
[SourceDate "2000.11.22"]
[SourceVersion "1"]
[SourceVersionDate "2000.11.22"]
[SourceQuality "1"]

1. e4 e5 2. Nf3 Nc6 3. c3 Nf6 4. d4 d6 5. Bc4 Qe7 6. 0-0 h6 7. dxe5 dxe5 8. Re1 g6 9. b4 Nh5 10. Be3 Bd7 11. Bd5 Bg7 12. Na3 a6 13. Nc4 Rd8 14. Bc5 Qf6 15. Qb3 Be6 16. b5 Ne7 17. Ncxe5 Nxd5 18. exd5 Rxd5 19. bxa6 Rxc5 20. axb7 0-0 21. Qb4 Rd5 22. b8Q Rxb8 23. Qxb8+ Kh7 24. a4 Nf4 25. Qxc7 Nd3 26. Nxd3 Rxd3 27. Re3 Rxe3 28. fxe3 Bd5 29. Rf1 Qa6 30. Qc5 Qd3 31. Rc1 g5 32. c4 Be4 33. h3 f5 34. Rf1 g4 35. hxg4 fxg4 36. Ne1 Qd8 37. Qh5 Qc8 38. c5 Qe6 39. Qf7 Qe5 40. Qf4 Qe6 41. a5 Bg6 42. a6 Qxa6 43. Qxg4 Qa3 44. Qc4 Qxe3+ 45. Kh1 Be4 46. Nf3 Bc6 47. Re1 Qa3 48. Qc2+ Kh8 49. Qf5 Qa4 50. Qg6 Bf8 51. Qf5 Kg8 52. Re6 Bxf3 53. Rg6+ Bg7 54. gxf3 1-0

[Event "RUS-Cup"]
[Site "Moscow"]
[Date "2000.??.??"]
[Round "7"]
[White "Igriashvili, Zurab"]
[Black "Khruschiov, Alexey"]
[Result "1-0"]
[WhiteElo "2425"]
[BlackElo "2281"]
[PlyCount "75"]
[EventDate "2000.??.??"]
[EventType "swiss"]
[EventRounds "9"]
[EventCountry "RUS"]
[SourceTitle "EXT 2001"]
[Source "ChessBase"]
[SourceDate "2000.11.22"]
[SourceVersion "1"]
[SourceVersionDate "2000.11.22"]
[SourceQuality "1"]

1. e4 c5 2. Nc3 e6 3. Nge2 Nc6 4. g3 d5 5. d3 d4 6. Nb1 e5 7. Bg2 Be6 8. c4 Bd6 9. 0-0 Qd7 10. f4 exf4 11. Nxf4 Ne5 12. Nd2 Ne7 13. Nf3 N7c6 14. Nh4 0-0-0 15. Nf5 h5 16. a3 Bc7 17. Nd5 h4 18. Bf4 hxg3 19. Bxg3 g6 20. Nf6 Bxf5 21. exf5 Qe7 22. fxg6 fxg6 23. b4 Qg7 24. Nd5 Rh5 25. Nxc7 Qxc7 26. Qe2 Rdh8 27. b5 Nb8 28. Rae1 Nbd7 29. Rf7 Nxf7 30. Bxc7 Kxc7 31. Qf3 Nd6 32. Qg3 Rd8 33. Re7 Rhh8 34. Qe5 Rh5 35. Qe1 b6 36. Qg3 Rf5 37. Bh3 Rff8 38. Qg2 1-0